000 00343nam a22001217a 4500
008 230626b xxu||||| |||| 00| 0 eng d
082 _a328.36
_bLSS 1991
100 _cLOK Sabha Secretariat
245 _aDisqualification of Members on Ground of Defection
260 _aNew Delhi
_bLOK Sabha Secretariat
_c1991
300 _a20p
942 _2ddc
_cBK
999 _c2585
_d2585